Born in Dumfries - Statistics

General Stats
  • This quiz has been taken 9 times
  • The average score is 3 of 5
Answer Stats
Hint Answer % Correct
DJ and record producer, "I Need Your Love" "One Kiss" "Summer" "Under Control" 1984 Calvin Harris
100%
Footballer who plays for Norwich City and the Scottish national team 1991 Grant Hanley
67%
Actor, best known for his role as Private Frazer in "Dad's Army" 1897 John Laurie
44%
He is considered to be the first Scottish scientific surgeon 1749 Benjamin Bell
33%
Vocalist of Stiltskin and Genesis 1968 Ray Wilson
33%
No matching quizzes found
Score Distribution
Percent of People with Each Score
Percentile by Number Answered
Your Score History
You have not taken this quiz